¿Qué es Estados Unidos? /
Saved in:
| Andre forfattere: | , |
|---|---|
| Format: | Electronisk eBog |
| Sprog: | spansk |
| Udgivet: |
México, D. F. :
Fondo de Cultura Económica,
2014.
|
| Udgivelse: | Primera edición electrónica. |
| Serier: | Sección de obras de política y derecho.
|
| Fag: | |
| Online adgang: | Digitalia Hispánica |
| Tags: |
Tilføj Tag
Ingen Tags, Vær først til at tagge denne postø!
|
MARC
| LEADER | 00000nam a2200000 i 4500 | ||
|---|---|---|---|
| 001 | DIGFCE1392 | ||
| 003 | NyNyDIG | ||
| 006 | m o d | ||
| 007 | cr ||||||||||| | ||
| 008 | 220827s2014 mx ob 000 0 spa d | ||
| 035 | |a (OCoLC)1083205445 | ||
| 040 | |a DGITA |b eng |e rda |e pn |c DGITA | ||
| 020 | |a 9786071624543 |q eBook |q ePub | ||
| 020 | |z 9789681684617 | ||
| 043 | |a n-us--- | ||
| 050 | 1 | 4 | |a JK275 ebook |
| 082 | 0 | 4 | |a 320.973 |
| 245 | 0 | 0 | |a ¿Qué es Estados Unidos? / |c Rafael Fernández de Castro, Hazel Blackmore coordinadores. |
| 250 | |a Primera edición electrónica. | ||
| 264 | 1 | |a México, D. F. : |b Fondo de Cultura Económica, |c 2014. | |
| 264 | 4 | |c ©2008 | |
| 300 | |a 1 online resource. | ||
| 336 | |a text |b txt |2 rdacontent | ||
| 337 | |a computer file |b c |2 rdamedia | ||
| 338 | |a online resource |b cr |2 rdacarrier | ||
| 347 | |a text file |2 rdaft | ||
| 347 | |b EPUB | ||
| 490 | 1 | |a Sección de obras de política y derecho | |
| 504 | |a Includes bibliographical references. | ||
| 588 | 0 | |a Online resource; title from ePub title page (Digitalia, viewed August 27, 2022) | |
| 651 | 0 | |a United States |x Politics and government |y 21st century. | |
| 655 | 0 | |a Electronic books. | |
| 700 | 1 | |a Fernández de Castro, Rafael, |e editor. | |
| 700 | 1 | |a Blackmore, Hazel, |e editor. | |
| 776 | 0 | 8 | |i Print version: |t ¿Qué es Estados Unidos? |b Primera edición. |d México, D. F. : Fondo de Cultura Económica, 2008 |z 9789681684617 |
| 791 | 2 | |a Digitalia (Firm), |e distributor. | |
| 793 | 0 | |g Digitalia eBook Collection: |a Fondo de Cultura Económica | |
| 830 | 0 | |a Sección de obras de política y derecho. | |
| 856 | 4 | 0 | |3 Digitalia Hispánica |u https://digitalia.unach.elogim.com/a/64014/ |
| 910 | |a Premium collection: 2022 | ||